000 01172aam a2200313 i 4500
999 _c45804
_d45804
001 768714001
003 CO-MdFUSB
005 20200513165242.0
007 ta
008 200513t1900 enk |||| |||| 00| 0 eng d
020 _a[No inciuye ISBN]
040 _bspa.
_aCO-MdFUSB
_cCO-MdFUSB
_dCO-MdFUSBC
_erda
041 _aeng
082 _223
_a229.913
_bA811
245 1 4 _aThe ascension of Isaiah :
_btranslated from the Ethiopic version, which, together with the new Greek fragment, the Latin versions and the Latin translation of the Slavonic, is here published in full
_c/ editado por R. H. Charles
264 1 _aLondres :
_bAdam and Charles Black,
_c[1900]
264 4 _c© 1900
300 _alxxiii, 155 páginas
_c; 20 cm
336 _atexto
_btxt
_2rdacontent
337 _2rdamedia
_asin mediación
_bn
338 _2rdacarrier
_avolumen
_bnc
505 _aIntroducción al libro La ascensión de Isaías - Traducción y notas - La versión etiópica - El texto en griego y latín
563 _aPasta dura
630 0 7 _aBiblia.
_pNuevo Testamento
700 _93680
_aCharles, R. H.
_eeditor
942 _cBK
945 _aJTF-925